| 000 | 00714cam a2200229 4500 | ||
|---|---|---|---|
| 001 | J299 | ||
| 008 | 090401t1991 xxu||||| |||| 00| 0 eng d | ||
| 035 | _a(Sirsi) u74319 | ||
| 041 | _aeng | ||
| 050 | _a692.8 | ||
| 090 | _aJCT 1991/11A | ||
| 110 |
_aJoint Contracts Tribunal _93664 |
||
| 245 | _aIntermediate Form of Building Contract for works of simple content 1984 edition...Amendment 6 and guidance notes issued July 1991. | ||
| 260 |
_aLondon _bRIBA Publications Ltd. _c1991 |
||
| 300 | _a8p. ; 30cm. | ||
| 350 | _a0 | ||
| 650 | _aCONTRACTORS OBLIGATIONS | ||
| 650 | _aJCT INTERMEDIATE FORMS OF CONTRACT | ||
| 690 | _aBUILT ENVIRONMENT-BUILDING CONTRACT FORMS | ||
| 942 | _n0 | ||
| 948 | _c04/03/1997 | ||
| 999 |
_c95808 _d95808 |
||